000 00479nam a2200193Ia 4500
008 240510s9999 xx 000 0 und d
020 _a0000895885220
041 _aEng
082 _a005.3
082 _bH16
100 _aHARVEY, Greg, NELSON, Kay Yarborough
245 0 _aWord perfect 5 desktop companion
260 _bSYBEX, San Francisco
260 _c1988
300 _a1006 p.
650 _aWord processing: Applicaiton packages
942 _2ddc
942 _cLBK
999 _c26258
_d26258
945 _a1
_bMadushi Gamage
_c1
_dMadushi Gamage